[Event "CPV-ch"]
[Site "Ponta do Sol"]
[Date "2023.12.09"]
[Round "8"]
[White "Alho, Diogo Henriques"]
[Black "Vaz, Jose Carlos"]
[Result "1-0"]
[WhiteElo "2233"]
[BlackElo "1833"]
[PlyCount "95"]
[EventDate "2023.12.03"]
[EventType "tourn"]
[EventRounds "9"]
[EventCountry "KAP"]
[SourceTitle "CB50_2023"]
[SourceDate "2023.12.13"]
[SourceVersion "1"]
[SourceVersionDate "2023.12.13"]
[SourceQuality "1"]

1. d4 g6 2. c4 Nf6 3. Nc3 Bg7 4. e4 d6 5. h3 Nbd7 6. Nf3 0-0 7. Be3 e5 8. d5 Nc5 9. Nd2 a5 10. g4 Bd7 11. Rg1 Ne8 12. Nb3 b6 13. Be2 a4 14. Nc1 Qh4 15. Nd3 Bh6 16. g5 Bg7 17. Nxc5 bxc5 18. Bg4 f5 19. gxf6 Nxf6 20. Bg5 Bxg4 21. Bxh4 Bxd1 22. Kxd1 Nh5 23. Kc2 Rf3 24. Rh1 Nf4 25. Bg3 Bh6 26. Rad1 Nh5 27. Rd3 Rf7 28. Rh2 Kf8 29. Nb5 Ke8 30. Rg2 Kd7 31. Ra3 c6 32. dxc6+ Kxc6 33. Rd3 Bf8 34. Rg1 Nf4 35. Bxf4 Rxf4 36. f3 Be7 37. Nc3 Rh4 38. Rh1 a3 39. b4 cxb4 40. Nd5 Bd8 41. Nxb4+ Kc7 42. Rhd1 Rxh3 43. Rxd6 Rh2+ 44. Kc3 Bg5 45. Rd7+ Kc8 46. Rf7 Ra5 47. Rdd7 Rc5 48. Ra7 1-0

[Event "CPV-ch"]
[Site "Ponta do Sol"]
[Date "2023.12.08"]
[Round "7"]
[White "Mirulla, David"]
[Black "Alho, Diogo Henriques"]
[Result "1-0"]
[WhiteElo "1929"]
[BlackElo "2233"]
[PlyCount "65"]
[EventDate "2023.12.03"]
[EventType "tourn"]
[EventRounds "9"]
[EventCountry "KAP"]
[SourceTitle "CB50_2023"]
[SourceDate "2023.12.13"]
[SourceVersion "1"]
[SourceVersionDate "2023.12.13"]
[SourceQuality "1"]

1. e4 d5 2. exd5 Qxd5 3. Nc3 Qd6 4. d4 Nf6 5. Nf3 a6 6. g3 b5 7. Bg2 Bb7 8. 0-0 e6 9. Bf4 Qb6 10. a4 b4 11. a5 Qa7 12. Bxc7 Bxf3 13. Qxf3 Qxc7 14. Nb5 Qd7 15. Qxa8 Qxb5 16. c4 bxc3 17. bxc3 Nfd7 18. Rfb1 Qc4 19. Rxb8+ Nxb8 20. Qxb8+ Ke7 21. Rb1 Kf6 22. Qe5+ Kg6 23. Be4+ f5 24. Bc2 Qa2 25. Bd3 Be7 26. Rb6 Bf6 27. Rxe6 Kf7 28. Qc7+ Kg6 29. Rxa6 Re8 30. Bxf5+ Kxf5 31. Qd7+ Kg5 32. h4+ Kh6 33. Qxe8 1-0

[Event "CPV-ch"]
[Site "Ponta do Sol"]
[Date "2023.12.06"]
[Round "5"]
[White "Barros, Luis"]
[Black "Alho, Diogo Henriques"]
[Result "0-1"]
[WhiteElo "1656"]
[BlackElo "2233"]
[PlyCount "68"]
[EventDate "2023.12.03"]
[EventType "tourn"]
[EventRounds "9"]
[EventCountry "KAP"]
[SourceTitle "CB50_2023"]
[SourceDate "2023.12.13"]
[SourceVersion "1"]
[SourceVersionDate "2023.12.13"]
[SourceQuality "1"]

1. e4 g6 2. Nf3 Bg7 3. d4 d6 4. Bc4 a6 5. c3 e6 6. Bg5 Ne7 7. 0-0 h6 8. Be3 Nd7 9. Re1 0-0 10. Nbd2 Nf6 11. Bd3 b6 12. Nf1 Bb7 13. Ng3 c5 14. Qd2 Ng4 15. h3 Nxe3 16. fxe3 b5 17. Rad1 Qb6 18. Bc2 Rfd8 19. b3 Rac8 20. Nh4 Qa5 21. Rf1 cxd4 22. Qf2 Rf8 23. exd4 Qxc3 24. Rd2 e5 25. d5 Qc5 26. Nf3 h5 27. Nh1 Bh6 28. Qxc5 Rxc5 29. Re2 Rfc8 30. Bd1 Rc3 31. Kh2 Re3 32. Ref2 Rxe4 33. Bc2 Rf4 34. g3 Rxf3 0-1

[Event "CPV-ch"]
[Site "Ponta do Sol"]
[Date "2023.12.04"]
[Round "2"]
[White "Alho, Diogo Henriques"]
[Black "Silva, Bryan Jorge"]
[Result "1-0"]
[WhiteElo "2233"]
[BlackElo "1586"]
[PlyCount "73"]
[EventDate "2023.12.03"]
[EventType "tourn"]
[EventRounds "9"]
[EventCountry "KAP"]
[SourceTitle "CB50_2023"]
[SourceDate "2023.12.13"]
[SourceVersion "1"]
[SourceVersionDate "2023.12.13"]
[SourceQuality "1"]

1. d4 e6 2. g3 Nf6 3. Bg2 g6 4. e4 d6 5. Nc3 Nbd7 6. Bg5 Bg7 7. h3 h6 8. Be3 c6 9. a4 a5 10. Qd2 Nb6 11. b3 Nbd7 12. Rd1 0-0 13. Bxh6 Qb6 14. Nge2 e5 15. d5 cxd5 16. Bxg7 Kxg7 17. Nxd5 Qc5 18. Ne3 Ra6 19. Nc4 Ne8 20. Nc3 Nb6 21. Ne3 Be6 22. Bf1 Ra8 23. Nb5 Rd8 24. Qxa5 Ra8 25. Qc3 Qxc3+ 26. Nxc3 f5 27. exf5 Bxf5 28. Bg2 Rc8 29. Ne4 d5 30. Nxd5 Nxd5 31. Rxd5 Rxc2 32. 0-0 Bxe4 33. Bxe4 Rb2 34. Rd7+ Rf7 35. Rxf7+ Kxf7 36. Bxb7 Rxb3 37. Bd5+ 1-0

[Event "POR-CupT 1/8-1/4 final 35th"]
[Site "Torres Vedras"]
[Date "2013.04.20"]
[Round "1.1"]
[White "Taboas Rodriguez, Daniel"]
[Black "Alho, Diogo Henriques"]
[Result "1-0"]
[WhiteElo "2404"]
[BlackElo "2284"]
[PlyCount "105"]
[EventDate "2013.04.20"]
[EventType "team-k.o."]
[EventRounds "2"]
[EventCountry "POR"]
[SourceTitle "EXT 2015"]
[Source "ChessBase"]
[SourceDate "2014.11.20"]
[SourceVersion "1"]
[SourceVersionDate "2014.11.20"]
[SourceQuality "1"]
[WhiteTeam "Coimbra"]
[BlackTeam "Torres Novas"]
[WhiteTeamCountry "POR"]
[BlackTeamCountry "POR"]

1. d4 d5 2. c4 dxc4 3. e3 Nf6 4. Bxc4 a6 5. a4 e6 6. Nc3 c5 7. Nf3 Nc6 8. 0-0 cxd4 9. exd4 Be7 10. Be3 0-0 11. Qe2 Nb4 12. Ne5 Nbd5 13. Bg5 Nb6 14. Rfd1 Nbd5 15. Rf1 Nb6 16. Rfd1 Nxc4 17. Qxc4 Qb6 18. a5 Qxb2 19. Na4 Qb4 20. Qxb4 Bxb4 21. Nb6 Rb8 22. Bxf6 gxf6 23. Ned7 Bxd7 24. Nxd7 Rbd8 25. Nxf8 Kxf8 26. Kf1 Bc3 27. Rab1 Rd7 28. d5 exd5 29. Rb3 Bxa5 30. Rbd3 Ke7 31. Rxd5 Rxd5 32. Rxd5 b5 33. Ke2 Bc3 34. Kd3 Be5 35. g3 Ke6 36. Rd8 a5 37. f4 Bc7 38. Rc8 Bd6 39. Ra8 Bc7 40. Ra6+ Ke7 41. Kd4 b4 42. Kc5 b3 43. Ra7 Kd7 44. Kc4 b2 45. Rb7 a4 46. Rxb2 a3 47. Rb7 h5 48. Ra7 h4 49. gxh4 a2 50. f5 a1Q 51. Rxa1 Bxh2 52. Kd5 Ke7 53. Ra8 1-0

[Event "POR-ch qual"]
[Site "Amadora"]
[Date "2011.09.08"]
[Round "6"]
[White "Ulyanovskyy, Viktor"]
[Black "Alho, Diogo Henriques"]
[Result "1-0"]
[WhiteElo "2297"]
[BlackElo "2254"]
[PlyCount "59"]
[EventDate "2011.09.03"]
[EventType "swiss"]
[EventRounds "9"]
[EventCountry "POR"]
[SourceTitle "CBM 144 Extra"]
[Source "ChessBase"]
[SourceDate "2011.10.28"]
[SourceVersion "1"]
[SourceVersionDate "2011.10.28"]
[SourceQuality "1"]

1. e4 g6 2. d4 Bg7 3. Be3 d6 4. Qd2 Nd7 5. f3 e5 6. d5 f5 7. exf5 gxf5 8. Nc3 a6 9. 0-0-0 b5 10. f4 Ndf6 11. fxe5 dxe5 12. Nf3 e4 13. Ng5 Ne7 14. a3 0-0 15. Be2 c6 16. dxc6 Nxc6 17. Qe1 Qe8 18. h4 Qe7 19. h5 h6 20. Nh3 b4 21. Nb1 bxa3 22. Nxa3 Rb8 23. c3 Be6 24. Nf4 Rxb2 25. Kxb2 Rb8+ 26. Nb5 Ng4 27. Bd4 Nxd4 28. cxd4 Ne3 29. Nxe6 Nxd1+ 30. Qxd1 1-0

[Event "POR-chT3 final"]
[Site "Torres Vedras"]
[Date "2011.07.23"]
[Round "1.2"]
[White "Alho, Diogo Henriques"]
[Black "Costa, Rui Filipe Magalhae"]
[Result "1-0"]
[WhiteElo "2243"]
[BlackElo "1976"]
[PlyCount "67"]
[EventDate "2011.07.23"]
[EventType "team-k.o."]
[EventRounds "3"]
[EventCountry "POR"]
[SourceTitle "EXT 2012"]
[Source "ChessBase"]
[SourceDate "2011.11.24"]
[SourceVersion "1"]
[SourceVersionDate "2011.11.24"]
[SourceQuality "1"]
[WhiteTeam "Torres Novas"]
[BlackTeam "Cucujaes NA"]
[WhiteTeamCountry "POR"]
[BlackTeamCountry "POR"]

1. d4 d5 2. c4 e6 3. Nc3 Nf6 4. cxd5 exd5 5. Bg5 Be7 6. e3 0-0 7. Bd3 Nc6 8. a3 Re8 9. Nge2 h6 10. Bh4 Ne4 11. Bxe7 Rxe7 12. 0-0 Bg4 13. f3 Nxc3 14. bxc3 Bd7 15. e4 dxe4 16. fxe4 Bg4 17. Qd2 Bxe2 18. Qxe2 f5 19. Qa2+ Kh8 20. Rxf5 Ne5 21. Bb1 Ng4 22. Qe2 Nf6 23. Qf3 c6 24. Bc2 Qd7 25. Rf1 Rae8 26. e5 Ng8 27. Rf4 a5 28. Qd3 g5 29. Rf8 Rxf8 30. Rxf8 Kg7 31. Rb8 Kh8 32. Qg6 Qe6 33. Qxe6 Rxe6 34. Bb3 1-0

[Event "Figueira da Foz op 4th"]
[Site "Figueira da Foz"]
[Date "2007.11.03"]
[Round "8"]
[White "Kovalyov, Anton"]
[Black "Alho, Diogo Henriques"]
[Result "1-0"]
[WhiteElo "2510"]
[BlackElo "2246"]
[PlyCount "55"]
[EventDate "2007.10.28"]
[EventType "swiss"]
[EventRounds "9"]
[EventCountry "POR"]
[SourceTitle "EXT 2008"]
[Source "ChessBase"]
[SourceDate "2007.11.25"]
[SourceVersion "1"]
[SourceVersionDate "2007.11.25"]
[SourceQuality "1"]

1. c4 e6 2. Nc3 d5 3. d4 Be7 4. cxd5 exd5 5. Bf4 c6 6. e3 Bf5 7. g4 Bg6 8. h4 h6 9. h5 Bh7 10. Nge2 Nf6 11. f3 Na6 12. Ng3 Nc7 13. Bd3 Ne6 14. Bxh7 Nxh7 15. Nf5 Nxf4 16. exf4 0-0 17. Qd2 Bd6 18. 0-0-0 Qc7 19. Nxd6 Qxd6 20. g5 Rfe8 21. Rdg1 Nf8 22. f5 Kh8 23. f6 Ne6 24. g6 fxg6 25. f7 Rf8 26. hxg6 Qf4 27. Rg4 Qxd2+ 28. Kxd2 1-0

[Event "Figueira da Foz op 4th"]
[Site "Figueira da Foz"]
[Date "2007.11.02"]
[Round "7"]
[White "Alho, Diogo Henriques"]
[Black "Rusev, Krasimir"]
[Result "1-0"]
[WhiteElo "2244"]
[BlackElo "2479"]
[PlyCount "49"]
[EventDate "2007.10.28"]
[EventType "swiss"]
[EventRounds "9"]
[EventCountry "POR"]
[SourceTitle "EXT 2008"]
[Source "ChessBase"]
[SourceDate "2007.11.25"]
[SourceVersion "1"]
[SourceVersionDate "2007.11.25"]
[SourceQuality "1"]

1. d4 Nf6 2. c4 e6 3. Nc3 Bb4 4. Qc2 0-0 5. e4 d5 6. e5 Ne4 7. Bd3 c5 8. a3 Bxc3+ 9. bxc3 Qa5 10. Bxe4 dxe4 11. Bd2 Qa6 12. Qxe4 Qxc4 13. Ne2 Nc6 14. 0-0 Bd7 15. Rfe1 Rad8 16. Rac1 Kh8 17. Ng3 cxd4 18. Be3 Qc5 19. cxd4 Qxa3 20. Qh4 f5 21. exf6 Rxf6 22. Rc5 Ne7 23. Rh5 Ng6 24. Rxh7+ Kg8 25. Rxg7+ 1-0

[Event "Figueira da Foz op 4th"]
[Site "Figueira da Foz"]
[Date "2007.10.30"]
[Round "3"]
[White "Alho, Diogo Henriques"]
[Black "Dimitrov, Vladimir"]
[Result "0-1"]
[WhiteElo "2244"]
[BlackElo "2471"]
[PlyCount "64"]
[EventDate "2007.10.28"]
[EventType "swiss"]
[EventRounds "9"]
[EventCountry "POR"]
[SourceTitle "EXT 2008"]
[Source "ChessBase"]
[SourceDate "2007.11.25"]
[SourceVersion "1"]
[SourceVersionDate "2007.11.25"]
[SourceQuality "1"]

1. d4 Nf6 2. Nf3 e6 3. g3 c5 4. Bg2 cxd4 5. Nxd4 a6 6. 0-0 Qc7 7. e4 d6 8. Qe2 Nc6 9. Nxc6 bxc6 10. g4 h6 11. h3 Rb8 12. b3 Be7 13. Bb2 e5 14. Nd2 Nd7 15. Nc4 h5 16. Rfd1 hxg4 17. hxg4 Nc5 18. Ba3 Be6 19. Bc1 Rb4 20. Nb2 d5 21. exd5 cxd5 22. c4 d4 23. Nd3 Nxd3 24. Rxd3 Rh4 25. Rg3 f6 26. Ba3 Rb8 27. Bxe7 Kxe7 28. Re1 g5 29. Be4 Rbh8 30. c5 Qxc5 31. Qxa6 Bd5 32. Qd3 Rh1+ 0-1

[Event "POR-ch prel"]
[Site "Lisbon"]
[Date "2007.08.14"]
[Round "4"]
[White "Andrade, Jose Manuel Vieira"]
[Black "Alho, Diogo Henriques"]
[Result "1-0"]
[WhiteElo "2282"]
[BlackElo "2216"]
[PlyCount "96"]
[EventDate "2007.08.11"]
[EventType "swiss"]
[EventRounds "9"]
[EventCountry "POR"]
[SourceTitle "EXT 2022"]
[Source "ChessBase"]
[SourceDate "2021.10.06"]
[SourceVersion "1"]
[SourceVersionDate "2021.10.06"]
[SourceQuality "1"]

1. c4 g6 2. Nc3 c6 3. e4 Bg7 4. g3 a6 5. a4 a5 6. Bg2 Na6 7. Nge2 d6 8. 0-0 Nf6 9. d3 0-0 10. h3 Nb4 11. Bg5 h6 12. Be3 Kh7 13. Rc1 Ne8 14. f4 e6 15. d4 d5 16. Qb3 Nc7 17. Rfd1 b6 18. cxd5 exd5 19. e5 Ba6 20. Rd2 Qd7 21. g4 Rad8 22. Qd1 Rfe8 23. Ng3 f6 24. h4 Qf7 25. Qf3 fxe5 26. dxe5 Nd3 27. Rxd3 Bxd3 28. Bxb6 Bc4 29. b3 Ba6 30. h5 gxh5 31. Nxh5 Rc8 32. Ne2 Ne6 33. Neg3 Rb8 34. Rxc6 Bb7 35. Rc2 Bf8 36. Qd3+ Kh8 37. f5 Bc8 38. fxe6 Bxe6 39. Bd4 Rec8 40. Rf2 Qh7 41. Nf5 Qg6 42. Nf4 Rc1+ 43. Kh2 Qg8 44. Nxe6 Qxe6 45. Ne3 Bg7 46. Bxd5 Bxe5+ 47. Kg2 Qd6 48. Rf7 Rg1+ 1-0

[Event "POR-ch prel"]
[Site "Lisbon"]
[Date "2007.08.13"]
[Round "3"]
[White "Alho, Diogo Henriques"]
[Black "Oliveira, Carlos Andre Ramalh"]
[Result "1-0"]
[WhiteElo "2216"]
[BlackElo "2125"]
[PlyCount "83"]
[EventDate "2007.08.11"]
[EventType "swiss"]
[EventRounds "9"]
[EventCountry "POR"]
[SourceTitle "EXT 2022"]
[Source "ChessBase"]
[SourceDate "2021.10.06"]
[SourceVersion "1"]
[SourceVersionDate "2021.10.06"]
[SourceQuality "1"]

1. d4 Nf6 2. Nf3 d5 3. c4 c6 4. Qc2 e6 5. g3 Nbd7 6. Nbd2 Bd6 7. Bg2 0-0 8. 0-0 e5 9. cxd5 Nxd5 10. Nc4 Qe7 11. Nxd6 Qxd6 12. Rd1 Nb4 13. Qb3 e4 14. Ng5 Nf6 15. a3 Nbd5 16. Nxe4 Nxe4 17. Bxe4 Kh8 18. Bg2 f5 19. e3 a5 20. Bd2 Be6 21. Qc2 Rf6 22. b4 a4 23. Qc5 Qd7 24. b5 cxb5 25. Rdc1 Rff8 26. Bf1 Nf6 27. Qxb5 Qf7 28. Bg2 Ne4 29. Bb4 Rfd8 30. Qb6 Bd5 31. Qc7 Qh5 32. h4 Bc6 33. Qf4 Qe2 34. Bf1 Qh5 35. Rc2 Rd7 36. Rac1 g5 37. Qe5+ Rg7 38. Be2 Qh6 39. h5 g4 40. d5 Re8 41. Rxc6 Qxc6 42. Qxg7+ 1-0

[Event "POR-chT 49th"]
[Site "Evora"]
[Date "2007.07.31"]
[Round "4"]
[White "Dias, Paulo Jorge Guimara"]
[Black "Alho, Diogo Henriques"]
[Result "1-0"]
[WhiteElo "2426"]
[BlackElo "2216"]
[PlyCount "69"]
[EventDate "2007.07.28"]
[EventType "team"]
[EventRounds "9"]
[EventCountry "POR"]
[SourceTitle "CBM 119 Extra"]
[Source "ChessBase"]
[SourceDate "2007.09.04"]
[SourceVersion "1"]
[SourceVersionDate "2007.09.04"]
[SourceQuality "1"]

1. e4 e6 2. d4 d5 3. e5 c5 4. c3 Qb6 5. Nf3 Bd7 6. a3 a5 7. Be2 Nc6 8. 0-0 a4 9. c4 dxc4 10. d5 exd5 11. Nc3 d4 12. Nd5 Qd8 13. Bg5 Be7 14. Bxc4 Be6 15. Nxe7 Ngxe7 16. Bxe6 fxe6 17. Rc1 h6 18. Bxe7 Qxe7 19. Qc2 Ra5 20. Nd2 Nxe5 21. Rfe1 Nf7 22. Qg6 0-0 23. Rxe6 Qd7 24. Rce1 Ra6 25. Rxa6 bxa6 26. Qxa6 Nd6 27. Re5 Rc8 28. Rd5 Rc6 29. Qxa4 Qc7 30. g3 Nc8 31. Qc4 Kh8 32. Qe2 Nd6 33. Qe5 Nf7 34. Qe8+ Kh7 35. Rd7 1-0

[Event "POR-chT 49th"]
[Site "Evora"]
[Date "2007.07.30"]
[Round "3"]
[White "Alho, Diogo Henriques"]
[Black "Oliveira, Luis"]
[Result "1-0"]
[WhiteElo "2216"]
[BlackElo "2145"]
[PlyCount "43"]
[EventDate "2007.07.28"]
[EventType "team"]
[EventRounds "9"]
[EventCountry "POR"]
[SourceTitle "CBM 119 Extra"]
[Source "ChessBase"]
[SourceDate "2007.09.04"]
[SourceVersion "1"]
[SourceVersionDate "2007.09.04"]
[SourceQuality "1"]

1. d4 d5 2. c4 c6 3. Nc3 e6 4. e4 dxe4 5. Nxe4 Nf6 6. Nxf6+ Qxf6 7. Nf3 Bb4+ 8. Bd2 Bxd2+ 9. Qxd2 Nd7 10. Rd1 0-0 11. Qe3 b6 12. Bd3 Bb7 13. Ng5 g6 14. Ne4 Qe7 15. c5 Nf6 16. Qg5 Kg7 17. Qe5 Rfd8 18. Bc4 bxc5 19. dxc5 Rxd1+ 20. Kxd1 Rd8+ 21. Kc1 h6 22. h4 1-0

[Event "POR-chT 49th"]
[Site "Evora"]
[Date "2007.07.29"]
[Round "2"]
[White "Diogo, Vasco Andre Marcalo"]
[Black "Alho, Diogo Henriques"]
[Result "1/2-1/2"]
[WhiteElo "2259"]
[BlackElo "2216"]
[PlyCount "107"]
[EventDate "2007.07.28"]
[EventType "team"]
[EventRounds "9"]
[EventCountry "POR"]
[SourceTitle "CBM 119 Extra"]
[Source "ChessBase"]
[SourceDate "2007.09.04"]
[SourceVersion "1"]
[SourceVersionDate "2007.09.04"]
[SourceQuality "1"]

1. e4 g6 2. d4 Bg7 3. Nc3 c6 4. Nf3 b5 5. Bd3 d6 6. 0-0 b4 7. Ne2 Bg4 8. Be3 Bxf3 9. gxf3 Nd7 10. Qd2 Rb8 11. a3 a5 12. axb4 axb4 13. Ra6 Qc8 14. Rfa1 Ngf6 15. R1a4 c5 16. b3 0-0 17. Kg2 Nb6 18. Ra2 Rd8 19. Nc1 Nh5 20. d5 Rd7 21. Bb5 Rc7 22. Bc6 Qf8 23. Nd3 Nd7 24. f4 f5 25. f3 fxe4 26. fxe4 Ndf6 27. Nf2 Bh6 28. Ra8 Rcc8 29. R8a7 Qd8 30. h3 Rc7 31. Kf3 Rxa7 32. Rxa7 Qf8 33. Qc1 Nxf4 34. Bxf4 Nh5 35. Nd3 Bxf4 36. Nxf4 g5 37. Bd7 Nxf4 38. Bf5 Qf6 39. Qa1 Qxa1 40. Rxa1 h6 41. h4 Kg7 42. hxg5 hxg5 43. Rg1 Kf6 44. Rh1 Rg8 45. Rh6+ Ke5 46. Rh7 Nxd5 47. exd5 Kxf5 48. Rxe7 Ra8 49. Ke3 Kg4 50. Re6 Ra6 51. Ke4 Rb6 52. Rg6 Ra6 53. Re6 Rb6 54. Rg6 1/2-1/2

[Event "POR-chT 48th"]
[Site "Evora"]
[Date "2006.07.29"]
[Round "8"]
[White "Costa, Joao Guerra"]
[Black "Alho, Diogo Henriques"]
[Result "1-0"]
[WhiteElo "2205"]
[BlackElo "2229"]
[PlyCount "87"]
[EventDate "2006.07.22"]
[EventType "team"]
[EventRounds "9"]
[EventCountry "POR"]
[SourceTitle "CBM 113 Extra"]
[Source "ChessBase"]
[SourceDate "2006.09.14"]
[SourceVersion "1"]
[SourceVersionDate "2006.09.14"]
[SourceQuality "1"]

1. e4 e6 2. d4 d5 3. Nc3 Bb4 4. e5 Qd7 5. Qg4 Bf8 6. Nf3 b6 7. Be2 Ba6 8. 0-0 Ne7 9. Rd1 Nf5 10. Bxa6 Nxa6 11. Ne2 Be7 12. b3 0-0-0 13. a4 h5 14. Qh3 Rdg8 15. Ng5 Bd8 16. c4 f6 17. Nxe6 Qxe6 18. Nf4 Qc6 19. Qxf5+ Kb8 20. Ng6 fxe5 21. Nxh8 Rxh8 22. dxe5 dxc4 23. bxc4 Qxc4 24. Bg5 Bxg5 25. Qxg5 Nc5 26. a5 Kb7 27. Rdc1 Qd4 28. Qxg7 Re8 29. Qf6 Qxe5 30. a6+ Kc8 31. Qxe5 Rxe5 32. Re1 Rxe1+ 33. Rxe1 Nxa6 34. f4 Nc5 35. f5 Nd7 36. Kf2 a5 37. Ke3 a4 38. Kd4 c6 39. Re6 Kc7 40. f6 b5 41. f7 c5+ 42. Kd3 a3 43. Kc2 c4 44. Re7 1-0

[Event "Lisbon Carris op 4th"]
[Site "Lisbon"]
[Date "2006.02.17"]
[Round "7"]
[White "Alho, Diogo Henriques"]
[Black "Carneiro, Carlos Alberto Carv"]
[Result "0-1"]
[WhiteElo "2197"]
[BlackElo "2219"]
[PlyCount "86"]
[EventDate "2006.02.02"]
[EventType "swiss"]
[EventRounds "7"]
[EventCountry "POR"]
[SourceTitle "EXT 2008"]
[Source "ChessBase"]
[SourceDate "2007.11.25"]
[SourceVersion "1"]
[SourceVersionDate "2007.11.25"]
[SourceQuality "1"]

1. d4 Nf6 2. g3 g6 3. Bg2 Bg7 4. e4 0-0 5. e5 Ne8 6. Ne2 c5 7. c3 cxd4 8. cxd4 d6 9. f4 dxe5 10. dxe5 Qxd1+ 11. Kxd1 Nc6 12. Be3 Nc7 13. Nd2 f6 14. exf6 Bxf6 15. Nc3 Bf5 16. Nde4 Bg4+ 17. Kc1 Rac8 18. Nc5 Na5 19. h3 Bf5 20. g4 Na6 21. Nxa6 Bxc3 22. gxf5 Bd4+ 23. Kd2 Nc4+ 24. Kd3 Nxe3 25. Bxb7 Rcd8 26. fxg6 Rxf4 27. gxh7+ Kh8 28. Rac1 Bb6+ 29. Kc3 Kxh7 30. b4 Rd7 31. Bc6 Rc4+ 32. Kb3 Rd3+ 33. Ka4 Rh4 34. Rhe1 Kh6 35. Bb5 Rd2 36. Rc6+ Kg7 37. Re2 Rxe2 38. Bxe2 Rxh3 39. Nc5 Rh2 40. Ne6+ Kg8 41. Nd4 e5 42. Bc4+ Nxc4 43. Rxc4 Bxd4 0-1

[Event "Lisbon Carris op 4th"]
[Site "Lisbon"]
[Date "2006.02.15"]
[Round "6"]
[White "Placido, Maria Armanda Codea"]
[Black "Alho, Diogo Henriques"]
[Result "0-1"]
[WhiteElo "1871"]
[BlackElo "2197"]
[PlyCount "62"]
[EventDate "2006.02.02"]
[EventType "swiss"]
[EventRounds "7"]
[EventCountry "POR"]
[SourceTitle "EXT 2008"]
[Source "ChessBase"]
[SourceDate "2007.11.25"]
[SourceVersion "1"]
[SourceVersionDate "2007.11.25"]
[SourceQuality "1"]

1. d4 b5 2. e3 Bb7 3. Nf3 a6 4. c4 b4 5. Be2 e6 6. 0-0 Nf6 7. a3 a5 8. Bd2 c5 9. dxc5 Nc6 10. axb4 axb4 11. Rxa8 Qxa8 12. b3 Bxc5 13. Bc1 e5 14. Bb2 0-0 15. Nbd2 d6 16. Qc2 Nd8 17. Ra1 Qc8 18. Ng5 Ne6 19. Nge4 Nxe4 20. Nxe4 f5 21. Nxc5 Qxc5 22. Qd1 f4 23. Bg4 Ng5 24. h4 fxe3 25. hxg5 Rxf2 26. Bf3 e2 27. Bd5+ Kf8 28. Bd4 exd1Q+ 29. Rxd1 exd4 30. Kxf2 Bxd5 31. cxd5 Qc2+ 0-1

[Event "Torres Novas 1st"]
[Site "Torres Novas"]
[Date "2005.01.10"]
[Round "4.3"]
[White "Alho, Diogo Henriques"]
[Black "Molina, Jorge"]
[Result "1/2-1/2"]
[WhiteElo "2167"]
[BlackElo "2234"]
[PlyCount "97"]
[EventDate "2005.01.10"]
[EventType "tourn"]
[EventRounds "9"]
[EventCountry "POR"]
[EventCategory "4"]
[SourceTitle "CBM 104 Extra"]
[Source "ChessBase"]
[SourceDate "2005.03.01"]
[SourceVersion "1"]
[SourceVersionDate "2005.03.01"]
[SourceQuality "1"]

1. c4 Nf6 2. Nc3 c5 3. Nf3 e6 4. e4 d6 5. d4 cxd4 6. Nxd4 a6 7. Be2 Be7 8. Be3 Qc7 9. 0-0 Nc6 10. Rc1 Nxd4 11. Bxd4 Bd7 12. Qd2 0-0 13. Qe3 Rac8 14. Rfd1 Be8 15. Qg3 e5 16. Be3 Bc6 17. Bh6 Ne8 18. Bg4 Rd8 19. Be3 Ra8 20. b4 Nf6 21. Nd5 Bxd5 22. cxd5 Qd8 23. Bf5 Kh8 24. f3 g6 25. Bg4 Nxg4 26. fxg4 Qd7 27. Bh6 Rfc8 28. Qf3 Bf8 29. Bg5 Kg8 30. h3 Rxc1 31. Rxc1 Rc8 32. Rxc8 Qxc8 33. Qf6 h6 34. Qd8 Qxd8 35. Bxd8 Kg7 36. b5 f6 37. bxa6 bxa6 38. Kf2 Kf7 39. Kf3 Be7 40. Bb6 Ke8 41. Ke2 Bd8 42. Be3 g5 43. Kd3 Ba5 44. Kc4 Kd7 45. Kb3 Kc7 46. Ka4 Bb6 47. Bd2 Kb7 48. Bb4 Bc7 49. a3 1/2-1/2

[Event "Torres Novas 1st"]
[Site "Torres Novas"]
[Date "2005.01.10"]
[Round "6.2"]
[White "Alho, Diogo Henriques"]
[Black "Veingold, Aleksandr"]
[Result "0-1"]
[WhiteElo "2167"]
[BlackElo "2488"]
[PlyCount "48"]
[EventDate "2005.01.10"]
[EventType "tourn"]
[EventRounds "9"]
[EventCountry "POR"]
[EventCategory "4"]
[SourceTitle "CBM 104 Extra"]
[Source "ChessBase"]
[SourceDate "2005.03.01"]
[SourceVersion "1"]
[SourceVersionDate "2005.03.01"]
[SourceQuality "1"]

1. c4 Nf6 2. Nc3 e5 3. g3 Bb4 4. Qc2 0-0 5. Bg2 d6 6. e3 c6 7. a3 Ba5 8. b4 Bc7 9. Nge2 Be6 10. d3 d5 11. cxd5 cxd5 12. 0-0 Nc6 13. Na4 Nd7 14. Bd2 Rc8 15. Rfc1 Bb8 16. Qb2 Ne7 17. b5 Bd6 18. Bb4 Nb6 19. Nc5 Rxc5 20. Rxc5 Na4 21. Qc2 Nxc5 22. Bxc5 Qc7 23. Rc1 Rc8 24. Qa4 b6 0-1

[Event "Torres Novas 1st"]
[Site "Torres Novas"]
[Date "2005.01.10"]
[Round "5.4"]
[White "Leonardo, Joao Paulo L"]
[Black "Alho, Diogo Henriques"]
[Result "1/2-1/2"]
[WhiteElo "2272"]
[BlackElo "2167"]
[PlyCount "72"]
[EventDate "2005.01.10"]
[EventType "tourn"]
[EventRounds "9"]
[EventCountry "POR"]
[EventCategory "4"]
[SourceTitle "CBM 104 Extra"]
[Source "ChessBase"]
[SourceDate "2005.03.01"]
[SourceVersion "1"]
[SourceVersionDate "2005.03.01"]
[SourceQuality "1"]

1. d3 d5 2. g3 Nf6 3. Bg2 c6 4. Nd2 Bf5 5. Ngf3 h6 6. c4 e6 7. Qb3 Qc8 8. Nd4 Bh7 9. cxd5 exd5 10. N2f3 Be7 11. 0-0 0-0 12. Bd2 Na6 13. Rac1 Re8 14. Qa4 Nc5 15. Qc2 Ne6 16. b4 Nxd4 17. Nxd4 Qd7 18. Rfe1 Bd6 19. Nb3 Qe7 20. a3 Rac8 21. Bh3 Rcd8 22. Be3 Nd7 23. Bd4 Bg6 24. Qb2 Be5 25. Bxd7 Rxd7 26. Bxe5 Qxe5 27. Qxe5 Rxe5 28. Nc5 Rde7 29. e3 Rf5 30. f4 b6 31. Nb3 Rf6 32. Rcd1 h5 33. Nd4 c5 34. Nf3 cxb4 35. axb4 a5 36. bxa5 bxa5 1/2-1/2